Najdiskutovanejšie témy v dokumentoch
Salvato in:
| Autore principale: | |
|---|---|
| Altri autori: | |
| Natura: | Manoscritto Libro |
| Lingua: | slovacco |
| Pubblicazione: |
2022
|
| Soggetti: | |
| Accesso online: | http://is.stuba.sk/zp/portal_zp.pl?podrobnosti=148471 |
| Tags: |
Nessun Tag, puoi essere il primo ad aggiungerne!!
|
MARC
| LEADER | 00000ntm a22000003a 4500 | ||
|---|---|---|---|
| 001 | stuzp88051 | ||
| 003 | SK-STU | ||
| 005 | 20220625210903.8 | ||
| 007 | ta | ||
| 008 | 150427s2015----xo-----f-mn---000-0-slo-d | ||
| 040 | |a STU |b slo | ||
| 041 | 0 | |a slo | |
| 100 | 1 | |a Melišek, Martin |u 070200 |4 aut |U FIIT Fakulta informatiky a informačných technológií |T FIIT Ústav informatiky, informačných systémov a softvérového inžinierstva |X 96963 |U I200 |Y 179 |7 96963 | |
| 242 | 0 | 1 | |a Topic Modelling in Text Documents |y eng |
| 245 | 1 | 0 | |a Najdiskutovanejšie témy v dokumentoch |
| 260 | |c 2022 | ||
| 650 | 4 | |a Spracovanie prirodzeného jazyka |2 slo | |
| 650 | 4 | |a Tematické modelovanie |2 slo | |
| 650 | 4 | |a Latent Dirichlet Allocation |2 slo | |
| 650 | 4 | |a Pravdepodobnostné modelovanie |2 slo | |
| 650 | 4 | |a Vizualizácia |2 slo | |
| 650 | 4 | |a Strojové učenie |2 slo | |
| 650 | 4 | |a Analýza dát |2 slo | |
| 650 | 4 | |a Učenie bez učiteľa |2 slo | |
| 650 | 4 | |a Umelá inteligencia |2 slo | |
| 650 | 4 | |a Získavanie informácií |2 slo | |
| 650 | 4 | |a LDA |2 slo | |
| 650 | 4 | |a Natural language processing |2 eng | |
| 650 | 4 | |a Topic modeling |2 eng | |
| 650 | 4 | |a Latent Dirichlet Allocation |2 eng | |
| 650 | 4 | |a Unsupervised learning |2 eng | |
| 650 | 4 | |a Artificial intelligence |2 eng | |
| 650 | 4 | |a Machine learning |2 eng | |
| 650 | 4 | |a Information retrieval |2 eng | |
| 650 | 4 | |a Data analysis |2 eng | |
| 650 | 4 | |a Probabilistic modeling |2 eng | |
| 650 | 4 | |a LDA |2 eng | |
| 650 | 4 | |a Visualization |2 eng | |
| 700 | 1 | |a Nguyen Thu, Giang |u 070200 |k Z1 |4 ths |U FIIT Fakulta informatiky a informačných technológií |T FIIT Ústav informatiky, informačných systémov a softvérového inžinierstva |X 90747 |U I200 |Y 179 |7 90747 | |
| 856 | 4 | |u http://is.stuba.sk/zp/portal_zp.pl?podrobnosti=148471 | |